2500 solved problems in fluid mechanics and hydraulics / (Record no. 8967)
[ view plain ]
| 000 -LEADER | |
|---|---|
| fixed length control field | 01047nas a22002775a 4500 |
| 008 - FIXED-LENGTH DATA ELEMENTS--GENERAL INFORMATION | |
| fixed length control field | 090526t1989 n a fr 001 0 eng d |
| 010 ## - LIBRARY OF CONGRESS CONTROL NUMBER | |
| LC control number | 88013373 |
| 020 ## - INTERNATIONAL STANDARD BOOK NUMBER | |
| International Standard Book Number | 0070197849 |
| 020 ## - INTERNATIONAL STANDARD BOOK NUMBER | |
| International Standard Book Number | 9780070197848 |
| 082 04 - DEWEY DECIMAL CLASSIFICATION NUMBER | |
| Classification number | 620.106076 |
| Item number | EVE |
| 100 1# - MAIN ENTRY--PERSONAL NAME | |
| Personal name | Evett, Jack B., |
| 9 (RLIN) | 5326 |
| 245 10 - TITLE STATEMENT | |
| Title | 2500 solved problems in fluid mechanics and hydraulics / |
| Statement of responsibility, etc | by Jack B. Evett, Cheng Liu. |
| 260 ## - PUBLICATION, DISTRIBUTION, ETC. (IMPRINT) | |
| Place of publication, distribution, etc | New York : |
| Name of publisher, distributor, etc | McGraw-Hill, |
| Date of publication, distribution, etc | c.1989. |
| 300 ## - PHYSICAL DESCRIPTION | |
| Extent | xi, 797 p. : |
| Other physical details | ill. ; |
| Dimensions | 28 cm. |
| 490 0# - Series Statement | |
| Series statement | Schaum's solved problems series |
| 500 ## - GENERAL NOTE | |
| General note | Index: p. 787-797. |
| 590 ## - LOCAL NOTE (RLIN) | |
| Local note | Mohamed Hussein |
| 650 #0 - SUBJECT ADDED ENTRY--TOPICAL TERM | |
| Topical term or geographic name as entry element | Fluid mechanics |
| General subdivision | Problems, exercises, etc. |
| 9 (RLIN) | 5328 |
| Source of heading or term | BUEsh |
| 650 #0 - SUBJECT ADDED ENTRY--TOPICAL TERM | |
| Topical term or geographic name as entry element | Hydraulics |
| General subdivision | Problems, exercises, etc. |
| 9 (RLIN) | 5329 |
| Source of heading or term | BUEsh |
| 651 ## - SUBJECT ADDED ENTRY--GEOGRAPHIC NAME | |
| Source of heading or term | BUEsh |
| 653 ## - INDEX TERM--UNCONTROLLED | |
| Resource For college | Engineering, Mechanical |
| -- | Engineering, General |
| Arrived date list | August2015 |
| 655 ## - INDEX TERM--GENRE/FORM | |
| Genre/form data or focus term | Fluid Mechanics- Year 1 |
| Form subdivision | |
| General subdivision | Engineering |
| Chronological subdivision | Semester 2. 2008/2009 |
| 700 1# - ADDED ENTRY--PERSONAL NAME | |
| Personal name | Liu, Cheng, |
| Dates associated with a name | 1937- |
| 9 (RLIN) | 5330 |
| 740 0# - ADDED ENTRY--UNCONTROLLED RELATED/ANALYTICAL TITLE | |
| Uncontrolled related/analytical title | Twenty-five hundred solved problems in fluid mechanics and hydraulics. |
| 942 ## - ADDED ENTRY ELEMENTS (KOHA) | |
| Item type | NB - Book (Non borrowing) |
| Call number prefix | 620.1060EVE |
| Source of classification or shelving scheme | Dewey Decimal Classification |
| Withdrawn status | Item status | Source of classification or shelving scheme | Damaged status | Not for loan | Home library | Current library | Shelving location | Date acquired | Source of acquisition | Total Checkouts | Total Renewals | Full call number | Barcode | Date last seen | Date last borrowed | Koha item type |
|---|---|---|---|---|---|---|---|---|---|---|---|---|---|---|---|---|
| Dewey Decimal Classification | Central Library | Central Library | First floor | 01/04/2008 | Purchase | 3 | 3 | 620.106076 EVE | 000010961 | 15/07/2025 | 05/03/2023 | Book - Borrowing | ||||
| Dewey Decimal Classification | Central Library | Central Library | First floor | 27/08/2015 | Purchase | 620.106076 EVE | 000010962 | 15/07/2025 | NB - Book (Non borrowing) |